000 00979cam a2200301 a 4500
999 _c216180
_d216180
001 970124
003 OSt
005 20260121100533.0
008 850703s1985 mdua b 001 0 eng c
020 _a9789351524083
035 _a970124
040 _aLC
_cUNZA
_eRDA
050 1 0 _aRT89
_bBAS 2014
100 _aBasavanthappa, BT
245 0 0 _aNursing administration /
_cBT Basavanthappa
250 _aThird Edition
260 _aNew Delhi :
_bJAYPEE The Health Sciences Publishers,
_c2014.
300 _axxiv, ii92 pages :
_billustrations.
336 _atext
_btxt
_2rdacontent
337 _aunmediated
_bn
_2rdamedia
338 _avolume
_bnc
_2rdacarrier
500 _a"An Aspen publication."
504 _aIncludes bibliographical references and index.
504 _a"Nursing resources, books and periodicals": p. 524-528.
650 0 _aNursing services
_xAdministration.
942 _2lcc
_cBOOK